Click the Prussian Provinces in 1914 on a Map - Statistics

General Stats
  • This quiz has been taken 219 times
  • The average score is 12 of 14
Answers on the Map
Answers color-coded by a green-red scale on the quiz's map according to % correct below.
 
Answer Stats
Answer % Correct

Brandenburg
90%

Schleswig-Holstein
90%

East Prussia
89%

Hanover
89%

Berlin
88%

Pomerania
86%

Rhine Province
85%

Silesia
85%

Posen
83%

Saxony
83%

Hesse-Nassau
77%

Hohenzollern
74%

West Prussia
73%

Westphalia
73%
No matching quizzes found
Score Distribution
Percent of People with Each Score
Percentile by Number Answered
Your Score History
You have not taken this quiz